000 00675nam a2200193Ii 4500
003 JO-AjNU
008 230606s9999||||xx |||||||||||||| ||und||
040 _aJO-AjNU
_beng
_erda
_cJO-AjNU
041 _aeng
050 1 4 _aQA76 2014
100 3 _apreparation Ammar Otoom, Monther Salman, Mohamad Ali Kharabsheh , Supervisor Ghazi Shakah ,
_eauthor
_96065
245 0 0 _aOnline Bank System
264 3 1 _aAjIoun: AjIoun National University, 2014
300 _a35p
_b Graduation project, AjIoun National University, 2014
336 _atext
_btxt
_2rdacontent
337 _aunmediated
_bn
_2rdamedia
338 _avolume
_bnc
_2rdacarrier
650 4 _aOnline Bank System
_96066
999 _aE3146
_c3143
_d3143